Something beautiful for God: (Record no. 7363)
[ view plain ]
| 000 -LEADER | |
|---|---|
| fixed length control field | 00764cam a2200253 4500 |
| 001 - CONTROL NUMBER | |
| control field | 3131904 |
| 003 - CONTROL NUMBER IDENTIFIER | |
| control field | GBCCL |
| 005 - DATE AND TIME OF LATEST TRANSACTION | |
| control field | 20241126110626.0 |
| 008 - FIXED-LENGTH DATA ELEMENTS--GENERAL INFORMATION | |
| fixed length control field | 711024s1971 enkac 000 0beng |
| 010 ## - | |
| -- | 71853126 |
| 015 ## - | |
| -- | B71-09329 |
| 020 ## - INTERNATIONAL STANDARD BOOK NUMBER | |
| International Standard Book Number | 0002157691 |
| 040 ## - CATALOGING SOURCE | |
| Original cataloging agency | DLC |
| Transcribing agency | DLC |
| Modifying agency | DLC |
| 050 00 - | |
| -- | BX4406.5.Z8 |
| -- | M8 1971 |
| 082 00 - DEWEY DECIMAL CLASSIFICATION NUMBER | |
| Classification number | 271.97 |
| -- | B |
| Edition information | 19 |
| Item number | MUG |
| 100 1# - MAIN ENTRY--PERSONAL NAME | |
| Personal name | Muggeridge, Malcolm, |
| Dates associated with a name | 1903-1990. |
| 9 (RLIN) | 3888 |
| 245 10 - TITLE STATEMENT | |
| Title | Something beautiful for God: |
| Remainder of title | Mother Teresa of Calcutta. |
| 260 ## - PUBLICATION, DISTRIBUTION, ETC. | |
| Place of publication, distribution, etc. | London, |
| Name of publisher, distributor, etc. | Collins, |
| Date of publication, distribution, etc. | 1971. |
| 300 ## - PHYSICAL DESCRIPTION | |
| Extent | 156 p. |
| Other physical details | illus., ports. |
| Dimensions | 23 cm. |
| 600 00 - SUBJECT ADDED ENTRY--PERSONAL NAME | |
| Personal name | Teresa, |
| Titles and other words associated with a name | Mother, Saint, |
| Dates associated with a name | 1910-1997. |
| 9 (RLIN) | 13020 |
| 610 20 - SUBJECT ADDED ENTRY--CORPORATE NAME | |
| Corporate name or jurisdiction name as entry element | Missionaries of Charity. |
| 9 (RLIN) | 13021 |
| 906 ## - LOCAL DATA ELEMENT F, LDF (RLIN) | |
| a | 7 |
| b | cbc |
| c | orignew |
| d | 3 |
| e | ncip |
| f | 19 |
| g | y-gencatlg |
| 942 ## - ADDED ENTRY ELEMENTS (KOHA) | |
| Source of classification or shelving scheme | Dewey Decimal Classification |
| Koha item type | Books |
| Koha issues (borrowed), all copies | 4 |
| Withdrawn status | Lost status | Source of classification or shelving scheme | Damaged status | Not for loan | Home library | Current Library | Shelving location | Date acquired | Total checkouts | Full call number | Barcode | Date last seen | Date last checked out | Copy number | Price effective from | Koha item type |
|---|---|---|---|---|---|---|---|---|---|---|---|---|---|---|---|---|
| Dewey Decimal Classification | GRACE BIBLE COLLEGE | GRACE BIBLE COLLEGE | Church History | 2018-08-01 | 5 | 271.97 MUG | 001741 | 2025-05-01 | 2025-01-28 | c.1 | 2018-08-01 | Books |